000 00806nam a22002777a 4500
001 0004838
003 KOHA_MİRAKIL
005 20260207001427.0
007 ta
008 090508b1994 mou |||gr||||#||||0|eng |
020 _a0801674239
040 _aTR-BiSEU
_btur
_cTR-BiSEU
_erda
041 0 _aeng
044 _cmou
050 _aQB45
_b.A76 1994
100 1 _aArny, Thomas.
245 1 _aExplorations :
_ban introduction to astronomy/
_cThomas Arny ; Thomas T. Arny.
264 1 _aSt. Louis :
_bMosby
_c1994
300 _axxiii, 521, 11, 23, 14, 10 sayfa: resimli
336 _ametin
_btxt
_2rdacontent
337 _aaracısız
_bn
_2rdamedia
338 _acilt
_bnc
_2rdacarrier
500 _aIncludes bibliographical references and index.
650 0 _aAstronomy.
_98783
942 _2lcc
_cBK
999 _c4820
_d4820